Les chansons sur la fête - Statistiques

Statistiques générales
  • Ce quiz a été pris 70 fois
  • Le résultat moyen est 5 sur 20
Statistiques - réponses
Interprète Chanson % Correct
Félix Leclerc {La} fête
89%
Début de soirée Nuit {de folie}
83%
Michel Fugain {C'est la} fête
75%
Jean Jacques Goldman Quand {la musique est bonne}
64%
La Compagnie créole Bons {baisers de Fort-de-France}
59%
Philippe Lavil Il {tape sur des bambous}
44%
Les Musclés {La} fête {au village}
28%
Alain Souchon Y'a {d'la rumba dans l'air}
27%
Edith Piaf Mon {manège à moi}
23%
Richard Anthony {C'est ma} fête
8%
Jean Ferrat {La} fête {aux copains}
3%
Edith Piaf {La} fête {continue}
3%
Pierre Perret {Ce soir c'est} fête
2%
Edith Piaf {Cétait un jour de} fête
2%
Yves Montand {Et la} fête {continue}
2%
Gérard Lenorman {La} fête {de juillet juillet}
2%
Gérard Lenorman {La} fête {des fleurs}
2%
Pierre Perret {Oh! Quelle} fête !
2%
Gigliola Cinquetti {Quand la} fête {est finie}
2%
Sylvie Vartan {Un air de} fête
2%
Aucun quiz correspondant
Distribution des résultats
% des personnes avec chaque résultat
Percentile par nombre de réponses
Votre historique - résultats
Vous n’avez pas pris ce quiz